000
00341nam a2200157Ia 4500
003
Ost
005
20260225132540.0
008
260225s9999||||xx |||||||||||||| ||und||
040
_c
fsic
041
_a
fre
082
_a
811.6
100
_a
Edwy planel
_e
Auteur
245
0
_a
Un temps de chien /
245
0
_c
Edwy planel
942
_c
كتاب
999
_c
33485
_d
33485